Antología : (Registro nro. 10585)

Detalles MARC
000 -LIDER
fixed length control field 01654nam a22003857a 4500
001 - NÚMERO DE CONTROL
Identificador de número de control 0145
003 - IDENTIFICACDOR DE NÚMERO DE CONTROL
control field DO-SdBNP
005 - DATE AND TIME OF LATEST TRANSACTION
control field 20240812102757.0
007 - CAMPOS FIJOS DE DESCRIPCIÓN FÍSICA
fixed length control field 0145
008 - ELEMENTOS DE LONGITUD FIJA
fixed length control field 160624b 20uu sp || 00| 0 spa d
016 ## - NO. DE CONTROL DE LA AGENCIA BIB. NACIONAL
Record control number
020 ## - ISBN
International Standard Book Number 8475051812 (o.c.)
040 ## - FUENTE DE CATALOGACIÓN
Agencia que crea de manera original el registro BPMSR
Idioma de catalogación spa
Agencia que realiza la transcripción BPMSU
082 #4 - NÚMERO DE CLASIFICACIÓN DECIMAL DE DEWEY
Classification number 808.83
Item number A634m 2021
Edition number 22
245 00 - MENCIÓN DE TITULO
Título Antología :
Subtítulo los mejores relatos de los Siglos de Oro /
Mención de responsabilidad selección, prólogo y notas de Aurelio González.
260 ## - PUBLICACIÓN, DISTRIBUCIÓN, ETC. (PIE DE IMPRENTA)
Lugar de publicación, distribución, etc Madrid :
Nombre del editor, distribuidor, etc. Alfaguara,
Fecha de publicación, distribución, etc 2021
300 ## - DESCRIPCIÓN FÍSICA
Extensión 420 p. ;
Dimensiones 23 cm.
490 0# - MENCIÓN DE SERIES
Mención de serie Roja
505 0# - NOTA DE CONTENIDO
Texto normalizado de contenido El licenciado vidriera / Miguel de Cervantes ; La más prudente venganza / Lope de Vega ; El alguacil endemoniado / Francisco Quevedo ; El jardín engañoso / María de Zayas ; Crisi I / Baltasar Gracián ; Respuesta a Sor Filotea de la Cruz / Sor Juana Inés de la Cruz.
590 ## - NOTA LOCAL
Texto de la nota local Inventariado, 2024/VM
600 ## - ENCABEZAMIENTO DE MATERIA--NOMBRE PERSONAL
Fuente del encabezado o término
650 #4 - ENCABEZAMIENTO DE MATERIA--TEMÁTICO
Término temático o nombre geográfico como elemento de entrada Cuentos
Subdivisión de forma Colecciones
650 #4 - ENCABEZAMIENTO DE MATERIA--TEMÁTICO
Término temático o nombre geográfico como elemento de entrada Venganza
Subdivisión de forma Cuentos
Materiales especificados
650 #4 - ENCABEZAMIENTO DE MATERIA--TEMÁTICO
Término temático o nombre geográfico como elemento de entrada Jardines
Subdivisión de forma Cuentos.
650 #4 - ENCABEZAMIENTO DE MATERIA--TEMÁTICO
Término temático o nombre geográfico como elemento de entrada Venganza
Subdivisión de forma Cuentos
700 1# - ASIENTO SECUNDARIO -- NOMBRE PERSONAL
Nombre personal Cervantes Saavedra, Miguel de,
Fechas asociadas con el nombre 1547-1616.
Título de una obra Licenciado vidriera.
Títulos u otras palabras asociadas con el nombre
700 1# - ASIENTO SECUNDARIO -- NOMBRE PERSONAL
Nombre personal Zayas y Sotomayor, María de,
Fechas asociadas con el nombre 1590-1661.
Título de una obra Jardín engañoso
700 1# - ASIENTO SECUNDARIO -- NOMBRE PERSONAL
Nombre personal Gracián, Baltasar,
Fechas asociadas con el nombre 1601-1658.
Título de una obra Crisi I.
700 1# - ASIENTO SECUNDARIO -- NOMBRE PERSONAL
Nombre personal Juana Inés de la Cruz,
Títulos u otras palabras asociadas con el nombre Sor,
Fechas asociadas con el nombre 1651-1695.
Título de una obra Respuesta a Sor Filotea de la Cruz.
700 1# - ASIENTO SECUNDARIO -- NOMBRE PERSONAL
Nombre personal Higueras Díez, Marta,
Mención de responsabilidad ed.
700 1# - ASIENTO SECUNDARIO -- NOMBRE PERSONAL
Nombre personal Quevedo y Villegas, Francisco Gómez de,
Fechas asociadas con el nombre 1580-1645.
Título de una obra Alguacil endemoniado.
Término de relación
700 1# - ASIENTO SECUNDARIO -- NOMBRE PERSONAL
Nombre personal Vega Carpio, Félix Lope de,
Fechas asociadas con el nombre 1562-1635.
Título de una obra Más prudente venganza.
Títulos u otras palabras asociadas con el nombre
910 ## - VALIDACIÓN
Validación VMateo V. Control de calidad. BPMSU
942 ## - ADDED ENTRY ELEMENTS (KOHA)
Source of classification or shelving scheme Dewey Decimal Classification
Koha item type Libros
Existencias
Withdrawn status Lost status Source of classification or shelving scheme Damaged status Not for loan Collection code Home library Current library Date acquired Source of acquisition Total Checkouts Full call number Barcode Date last seen Copy number Price effective from Koha item type
    Dewey Decimal Classification     Colección General Biblioteca Pública Metropolitana Salomé Ureña Biblioteca Pública Metropolitana Salomé Ureña 06/24/2016 ALFAGUARA   BPMSU CG 808.83 A634m 2001 BPMSU16060565 06/24/2016 06/24/2016 Libros
    Dewey Decimal Classification     Colección General Biblioteca Pública Metropolitana Salomé Ureña Biblioteca Pública Metropolitana Salomé Ureña 06/24/2016 ALFAGUARA   BPMSU CG 808.83 A634m 2001 BPMSU16060566 06/24/2016 e.2 06/24/2016 Libros
    Dewey Decimal Classification     Colección General Biblioteca Pública Metropolitana Salomé Ureña Biblioteca Pública Metropolitana Salomé Ureña 06/24/2016 FUNDI   BPMSU CG 808.83 A634m 2001 BPMSU16060567 06/24/2016 e.3 06/24/2016 Libros